000 00304nam a2200145Ia 4500
100 _aGallian/ Joseph A
942 _cBK
654 _amathematics
245 _aContemporary Abstract Algebra
260 _bNarosa
_c1998
082 _a512.02
_bGAL
300 _a583
546 _aENGLISH
999 _c34716
_d34716